000 00366nam a2200133Ia 4500
008 240624s9999 xx 000 0 und d
041 _aeng
082 _a305.5 BRY
100 _aBRYANT JOHN HOPE
245 _aHOW THE POOR CAN SAVE CAPITALISM REBUILD
260 _c2014
_aSan Francisco
_bBerrett-Koehler Publishers
300 _axii, 160 p.; 23 cm.
365 _c
_b33
999 _c32281
_d32281